Idiotismes en français - 11 - - Statistiques

Statistiques générales
  • Ce quiz a été pris 448 fois
  • Le résultat moyen est 13 sur 15
Statistiques - réponses
Hint Réponse % Correct
Compter pour du ***** Beurre
99%
Habillé sur son ***** Trente-et-un
97%
En avoir ras le ***** Bol
96%
Ramener sa ***** Fraise
96%
Cirer les ***** Pompes
95%
Ne faire ni ***** ni deux Une
94%
Pédaler dans la ***** Choucroute
93%
Le ***** est tiré, il faut le boire Vin
92%
Tiré à ***** épigngles Quatre
91%
En faire tout un ***** Fromage
89%
Coller aux ***** Basques
82%
Faire du ***** Boudin
81%
Jus de ***** Chaussette
77%
Bout de ***** Chou
76%
Il ne faut pas rajouter de sel sur le ***** Vinaigre
51%
Aucun quiz correspondant
Distribution des résultats
% des personnes avec chaque résultat
Percentile par nombre de réponses
Votre historique - résultats
Vous n’avez pas pris ce quiz